Statistics for Countries that were founded after 1900 (Africa)

Click here to take the quiz!

General Stats

  • This quiz has been taken 16 times
    (11 since last reset)
  • The average score is 48 of 51

Answer Stats

HintAnswer% Correct
Located in AfricaAngola
100%
Located in AfricaBenin
100%
Located in AfricaBurkina Faso
100%
Located in AfricaCameroon
100%
Located in AfricaCentral African Republic
100%
Located in AfricaChad
100%
Located in AfricaDemocratic Republic of the Congo
100%
Located in AfricaEquatorial Guinea
100%
Located in AfricaEswatini
100%
Located in AfricaGambia
100%
Located in AfricaGhana
100%
Located in AfricaGuinea
100%
Located in AfricaKenya
100%
Located in AfricaLesotho
100%
Located in AfricaMalawi
100%
Located in AfricaMali
100%
Located in AfricaMauritania
100%
Located in AfricaMauritius
100%
Located in AfricaMozambique
100%
Located in AfricaNamibia
100%
Located in AfricaNiger
100%
Located in AfricaNigeria
100%
Located in AfricaSao Tome and Principe
100%
Located in AfricaSenegal
100%
Located in AfricaSomalia
100%
Located in AfricaTanzania
100%
Located in AfricaTogo
100%
Located in AfricaUganda
100%
Located in AfricaAlgeria
91%
Located in AfricaBotswana
91%
Located in AfricaBurundi
91%
Located in AfricaComoros
91%
Located in AfricaDjibouti
91%
Located in AfricaEritrea
91%
Located in AfricaIvory Coast
91%
Located in AfricaLibya
91%
Located in AfricaMadagascar
91%
Located in AfricaRwanda
91%
Located in AfricaSeychelles
91%
Located in AfricaSouth Africa
91%
Located in AfricaTunisia
91%
Located in AfricaZambia
91%
Located in AfricaZimbabwe
91%
Located in AfricaGabon
82%
Located in AfricaGuinea Bissau
82%
Located in AfricaSierra Leone
82%
Located in AfricaSouth Sudan
82%
Located in AfricaSudan
82%
Located in AfricaCabo Verde
73%
Located in AfricaCabo Verde
73%
Located in AfricaRepublic of Congo
36%

Score Distribution

Percentile by Number Answered

Percent of People with Each Score

Your Score History

You have not taken this quiz since the last reset